Sports Quiz

Random Sports Quiz

ACC Mascots Quiz Stats

 Plays Quiz not verified by Sporcle

Score 0/12 Timer 05:00
0 Plays Today
School Mascot % Correct
ClemsonThe Tiger
57.6%
DukeThe Blue Devil
55.9%
Wake ForestThe Demon Deacon
49.2%
Miami (FL)Sebastian the Ibis
33.9%
Georgia TechBuzz
32.2%
North CarolinaRameses the Ram
27.1%
Virginia TechHokieBird
25.4%
VirginiaCavman
20.3%
Boston CollegeBaldwin the Eagle
20.3%
MarylandTestudo
20.3%
North Carolina StateMr. and Mrs. Wuf
16.9%
Florida StateChief Osceola
15.3%

You're not logged in!

Compare scores with friends on all Sporcle quizzes.
OR
Log In

Show Comments

Extras

Created Nov 16, 2010ReportNominate
Tags:ACC, College Sports, mascot, school

Top Quizzes Today


Score Distribution

Your Account Isn't Verified!

In order to create a playlist on Sporcle, you need to verify the email address you used during registration. Go to your Sporcle Settings to finish the process.

Report this User

Report this user for behavior that violates our Community Guidelines.

Details: